Medzinárodné zmluvy na zamedzenie dvojakého zdanenia
Príčiny vzniku medzinárodného dvojakého zdanenia. Jednostranné opatrenia a medzinárodné zmluvy. Vzorová zmluva OECD.
Salvato in:
| Autore principale: | |
|---|---|
| Natura: | Libro |
| Lingua: | slovacco |
| Soggetti: | |
| Tags: |
Nessun Tag, puoi essere il primo ad aggiungerne!!
|
MARC
| LEADER | 00000nam a2200000 4500 | ||
|---|---|---|---|
| 001 | r031472 | ||
| 005 | 20230911132033.6 | ||
| 041 | 0 | |a slo | |
| 044 | |a SK | ||
| 245 | 1 | 0 | |a Medzinárodné zmluvy na zamedzenie dvojakého zdanenia |c Ladislav Pompura |
| 520 | |a Príčiny vzniku medzinárodného dvojakého zdanenia. Jednostranné opatrenia a medzinárodné zmluvy. Vzorová zmluva OECD. | ||
| 610 | 2 | 0 | |a zdanenie dvojité |
| 610 | 2 | 0 | |a zákony |
| 610 | 2 | 0 | |a osoby fyzické |
| 610 | 2 | 0 | |a osoby právnické |
| 610 | 2 | 0 | |a zmluvy medzinárodné |
| 610 | 2 | 0 | |a príjmy |
| 610 | 2 | 0 | |a investori |
| 610 | 2 | 0 | |a Slovensko |
| 610 | 2 | 0 | |a 1992 |
| 610 | 2 | 0 | |a OECD |
| 100 | 1 | |a Pompura, Ladislav | |